=LDR 00000nam 2200000 4500 =001 NUTBA000000000005937 =005 20141114075642.0 =006 =007 =008 =020 ##$$a 978-979-29-2608-8 =035 ##$$a 0010-111400000000416 =040 ##$$a NBPDMAT =082 ##$$a 631.875 =090 ##$$a 631.875 $b Her k =100 ##$$a Hery Soeryoko =245 ##$$a Kiat pintar memproduksi kompas dengan pengurai buatan sendiri / $c Hery Soeryoko =250 ##$$a Cet.1 =260 ##$$a Yogyakarta : $b Andi, $c 2011 =300 ##$$a xii, 116 hlm. : $b ilus. ; $c 21 cm. =500 ##$$a Bibliografi : hlm. 109 - 110 =650 ##$$a Pupuk Kompos =850 ##$$a NBPDMAT